| 000 | 00468nam a2200193Ia 4500 | ||
|---|---|---|---|
| 005 | 20240823045757.0 | ||
| 008 | 240823s9999||||xx |||||||||||||| ||und|| | ||
| 020 | _a978-93-7473-490-2 | ||
| 041 | _aENGLISH | ||
| 082 | _A658.408 Q1 | ||
| 100 | _a"Harish Kumar ," | ||
| 245 | 0 | _aCorporate Social Responsibility | |
| 250 | _a1st | ||
| 260 |
_c2011 _bAITBS Publishers |
||
| 500 | _aYES | ||
| 650 |
_aGeneral _bManagement Studies |
||
| 942 | _cBK | ||
| 999 |
_c215735 _d215735 |
||